000
00311nam a22001337a 4500
020
_a
789386339713
082
_a
657
_b
OSW/A
100
_a
OSWAAL BOOKS
245
_a
QUESTION BANK ACCOUNTANCY
_b
CLASS XI
260
_a
AGRA
_b
OSWAAL BOOKS
300
_a
368
650
_a
ACCOUNTANCY FOR CLASS XI
_z
INDIA
942
_c
BK
999
_c
547
_d
547